| 000 | 00513nam a22002057a 4500 | ||
|---|---|---|---|
| 001 | 22128 | ||
| 005 | 20260324120128.0 | ||
| 008 | 260324b |||||||| |||| 00| 0 spa d | ||
| 041 | _aESP | ||
| 082 |
_a720.1 _bP19 |
||
| 100 | _aPallasmaa, Juhani, | ||
| 245 |
_aLa mano que piensa : _bsabiduría existencial y corporal en la arquitectura |
||
| 260 |
_a : _b , _c2023 |
||
| 300 |
_a180 páginas : _b ; _c21 cm. |
||
| 440 | _a ; | ||
| 650 | _aADE | ||
| 654 | _aCAU | ||
| 700 | _a; | ||
| 942 |
_cLIB _dJUS _fJUS _2ddc |
||
| 999 |
_c22128 _d22128 |
||